000 00667nam a22002052 4500
001 0000007413
005 20151217145837.0
008 080123s xx 000 0 eng d
020 _a0335198317 :
_cKES
040 _aKABU
_cKABU
100 1 _aProsser, Michael.
_@0000158655
245 1 0 _aUnderstanding learning and teaching :
_bthe experience in higher education /
_cMichael Prosser and Keith Trigwell.
260 _aBuckingham, England :
_bOpen University,
_c1991.
300 _aix, 194 p.
650 0 _aCollege teaching.
_@0000157900
650 0 _aLearning.
_@0000153525
908 _a080123
950 _@1
999 _c3204
_d3204